Le numérique : Une chance pour l'école (notice n° 2084023)

détails MARC
000 -LEADER
fixed length control field 01874cam a2200157 4500500
005 - DATE AND TIME OF LATEST TRANSACTION
control field 20260405005453.0
041 ## - LANGUAGE CODE
Language code of text/sound track or separate title fre
042 ## - AUTHENTICATION CODE
Authentication code dc
100 10 - MAIN ENTRY--PERSONAL NAME
Personal name Boissière, Joël
Relator term author
245 00 - TITLE STATEMENT
Title Le numérique : Une chance pour l'école
260 ## - PUBLICATION, DISTRIBUTION, ETC.
Name of publisher, distributor, etc. Armand Colin,<br/>
Date of publication, distribution, etc. 2013.<br/>
520 ## - SUMMARY, ETC.
Summary, etc. Le numérique, une chance pour l’école ? Oui, assurément oui, mais à condition de savoir s’y prendre. Alors que désormais plus de 6 milliards d’êtres humains disposent d’un téléphone portable dont la puissance est supérieure à l’informatique qui a permis d’aller sur la lune, nous ne pouvons ignorer le saut technologique qui s’est produit au cours des vingt dernières années et, parallèlement, les attentes, les défis, mais aussi les opportunités qui s’offrent à l’école. Regardons autour de nous où sont mises en œuvre de bonnes pratiques. Inspirons-nous du Nord, du Sud, pour dépasser l’apparente timidité française et écoutons ce que nous disent les acteurs de l’éducation, les chercheurs, les décideurs à tous niveaux. Cette révolution a profondément bouleversé le contexte de l’école. Elle a fait émerger de nouvelles questions citoyennes et politiques, mais également des rapports de force entre des décideurs publics (nationaux et internationaux) et de nouveaux géants fortement capitalistiques pour qui l’éducation est avant tout un marché. Alors que les jeunes passent désormais plus de temps devant les écrans qu’à l’école, il devient crucial de faire des propositions pour mettre cette déferlante numérique au service de l’éducation. Cet ouvrage propose des pistes, à la lumière d’expériences internationales.
700 10 - ADDED ENTRY--PERSONAL NAME
Personal name Fau, Simon
Relator term author
700 10 - ADDED ENTRY--PERSONAL NAME
Personal name Pedró, Francesc
Relator term author
856 41 - ELECTRONIC LOCATION AND ACCESS
Uniform Resource Identifier <a href="https://shs.cairn.info/le-numerique--9782200279844?lang=fr&redirect-ssocas=7080">https://shs.cairn.info/le-numerique--9782200279844?lang=fr&redirect-ssocas=7080</a>

Pas d'exemplaire disponible.

PLUDOC

PLUDOC est la plateforme unique et centralisée de gestion des bibliothèques physiques et numériques de Guinée administré par le CEDUST. Elle est la plus grande base de données de ressources documentaires pour les Étudiants, Enseignants chercheurs et Chercheurs de Guinée.

Adresse

627 919 101/664 919 101

25 boulevard du commerce
Kaloum, Conakry, Guinée

Réseaux sociaux

Powered by Netsen Group @ 2025